书目信息 |
| 题名: |
微积分题解
|
|
| 作者: | 戴根 , 包美尔 编 ;秦裕瑷 译 | |
| 分册: | 第二卷 | |
| 出版信息: | 北京 人民教育出版社 1982 |
|
| 页数: | 109页 | |
| 开本: | 19cm | |
| 丛书名: | ||
| 单 册: | ||
| 中图分类: | O172-44 | |
| 科图分类: | ||
| 主题词: | 微积分--解题 | |
| 电子资源: | ||
| ISBN: | ||
| 000 | 00710nam0 2200253 45 | |
| 001 | 0181005229 | |
| 005 | 20060403105840.07 | |
| 010 | @dCNY0.29 | |
| 091 | @a13012.0738 | |
| 100 | @a19950727d1982 em y0chiy0121 ea | |
| 101 | 1 | @achi@cger |
| 102 | @aCN@b110000 | |
| 105 | @ay q 000yy | |
| 200 | 10 | @a微积分题解@Awei ji fen ti jie@h第二卷@f(德)W.戴根,(德)K.包美尔编@g秦裕瑷译 |
| 210 | @a北京@c人民教育出版社@d1982 | |
| 215 | @a109页@d19cm | |
| 606 | @a微积分@x解题 | |
| 690 | @aO172-44@v4 | |
| 701 | 1 | @a戴根@Adai gen@bW.@4编 |
| 701 | 1 | @a包美尔@Abao mei er@bK.@4编 |
| 702 | 0 | @a秦裕瑷@Aqin yu ai@4译 |
| 801 | 2 | @aCN@bNLC@c20060403 |
| 801 | 0 | @aCN@b上海图书馆@c20040519 |
| 905 | @dO172-44@e17:2(+) | |
| 微积分题解.第二卷/(德)W.戴根,(德)K.包美尔编/秦裕瑷译.-北京:人民教育出版社,1982 |
| 109页;19cm |
| ISBN :CNY0.29 |
| ● |
| 相关链接 |
|
|
|
|
正题名:微积分题解
索取号:O172-44/17:2(+)
 
预约/预借
| 序号 | 登录号 | 条形码 | 馆藏地/架位号 | 状态 | 备注 |
| 1 | 0100339 | 000418925 | 第三借阅区/ [索取号:O172-44/17:2(+)] | 在馆 | |
| 2 | 0100340 | 202231860 | 密集书库/ [索取号:O172-44/17:2(+)] | 在馆 | |
| 3 | 0100341 | 202235492 | 密集书库/ [索取号:O172-44/17:2(+)] | 在馆 | |
| 4 | 0100342 | 001941849 | 第三借阅区/ [索取号:O172-44/17:2(+)] | 在馆 | |
| 5 | 0100343 | 000418916 | 第三借阅区/ [索取号:O172-44/17:2(+)] | 在馆 | |
| 6 | 0100344 | 000419595 | 第二样本阅览室/ [索取号:O172-44/17:2(+)] | 在馆 | |
| 7 | 0100345 | 202235483 | 密集书库/ [索取号:O172-44/17:2(+)] | 在馆 | |
| 8 | 0100346 | 202231842 | 密集书库/ [索取号:O172-44/17:2(+)] | 在馆 | |
| 9 | 0100347 | 202231851 | 密集书库/ [索取号:O172-44/17:2(+)] | 在馆 | |
| 10 | 0100348 | 202231879 | 密集书库/ [索取号:O172-44/17:2(+)] | 在馆 |